| 000 | 01114cam a22002891 4500 | ||
|---|---|---|---|
| 001 | gs 47000326 | ||
| 003 | DLC | ||
| 005 | 20260227111353.0 | ||
| 008 | 891026s1946 sw ab b 000 0 swe c | ||
| 010 | _ags 47000326 | ||
| 035 | _a(OCoLC)20553429 | ||
| 040 |
_aU.S. Geol. Survey. Library _cCU _dCU _dDLC |
||
| 042 | _apremarc | ||
| 050 | 0 | 0 |
_aQE282 _b.A3 ser. C, no. 481 |
| 082 | _a554.85 s | ||
| 100 | 1 |
_aMunthe, Henrik, _d1860-1958. |
|
| 245 | 0 | 0 |
_aNya bidrag till kannedomen om Härnögyttjan, _cav Henr. Munthe ... |
| 260 |
_aStockholm, _bKungl. boktryckeriet, P.A. Norstedt & söner, _c1946. |
||
| 300 |
_a16 p. incl. illus., tables. _c24 cm. |
||
| 490 | 1 |
_aSweden. Geologiska undersökningen. Ser. C. Avhandlingar och uppsatser. _vn:o 481. Årsbok 40 (1946) n:o 5 |
|
| 500 | _aAt head of title: Sveriges geologiske undersökning ... | ||
| 504 | _a"Anförd litteratur": p. 16. | ||
| 650 | 0 |
_aPaleontology _yQuaternary. |
|
| 650 | 0 |
_aPaleontology _zSweden _zNorrland. |
|
| 830 | 0 |
_aSer. C--Avhandlingar och uppsatser ; _vn:o 481. |
|
| 830 | 0 |
_aÅrsbok (Sveriges geologiska undersökning) ; _v40 : n:o 5. |
|
| 999 |
_c28212 _d28212 |
||